Consumer Protection Versus Ecological Sustainability - Theoretical and Practical Aspects in the Tyre Recycling Industry

Zverejnením nariadenia o registrácii, hodnotení, autorizácii a obmedzovaní chemických látok (REACH) na ochranu spotrebiteľov pred nebezpečnými látkami vo výrobkoch bol zavedený nový nástroj, ktorý prináša odvetviu rôzne ťažkosti. Vďaka tomuto nariadeniu budú takmer všetky výrobky uvedené na európsky...

Ausführliche Beschreibung

Gespeichert in:
Bibliographische Detailangaben
1. Verfasser: Gubíniová, Katarína
Weitere Verfasser: Seuser, Philipp, Jarossová, Malgorzata Agnieszka, 1978-, Treľová, Silvia
Format: Buchkapitel
Sprache:Englisch
Schlagworte:
Tags: Tag hinzufügen
Keine Tags, Fügen Sie das erste Tag hinzu!

MARC

LEADER 00000naa$a2200000$$$4500
001 0313047
005 20251105103821.5
041 0 |a eng 
044 |a CH 
245 1 0 |a Consumer Protection Versus Ecological Sustainability - Theoretical and Practical Aspects in the Tyre Recycling Industry  |c Katarína Gubíniová, Philipp Seuser, Malgorzata Agnieszka Jarossová, Silvia Treľová 
520 |a Zverejnením nariadenia o registrácii, hodnotení, autorizácii a obmedzovaní chemických látok (REACH) na ochranu spotrebiteľov pred nebezpečnými látkami vo výrobkoch bol zavedený nový nástroj, ktorý prináša odvetviu rôzne ťažkosti. Vďaka tomuto nariadeniu budú takmer všetky výrobky uvedené na európsky trh starostlivo analyzované z hľadiska ich chemického zloženia. Najmä recyklovateľné výrobky sú silne ovplyvnené novými pravidlami o bezpečnosti výrobkov. Gumové dlaždice sa preto už nebudú môcť vyrábať a uvádzať na európsky trh podľa nariadenia REACH. Je naliehavo potrebné prispôsobiť nariadenie REACH na základe rizika, aby priemysel aj v budúcnosti mohol recyklovať pneumatiky a vyrábať z tohto materiálu výrobky. 
610 2 0 |a ekológia 
610 2 0 |a udržateľnosť 
610 2 0 |a recyklácia odpadu 
610 2 0 |a priemysel chemický 
610 2 0 |a spotrebitelia 
100 1 |a Gubíniová, Katarína 
700 1 |a Seuser, Philipp 
700 1 |a Jarossová, Malgorzata Agnieszka, 1978- 
700 1 |a Treľová, Silvia